[Event "Muehlhaeusen op"]
[Site "Muehlhausen"]
[Date "2007.05.19"]
[Round "6.23"]
[White "Gitter, Lucas"]
[Black "Katzer, Michael"]
[Result "1-0"]
[WhiteElo "1398"]
[BlackElo "1590"]
[PlyCount "40"]
[EventDate "2007.05.16"]
[EventType "swiss"]
[EventRounds "7"]
[EventCountry "GER"]
[SourceTitle "CBM 118 Extra"]
[Source "ChessBase"]
[SourceDate "2007.07.04"]
[SourceVersion "1"]
[SourceVersionDate "2007.07.04"]
[SourceQuality "1"]

1. e4 e5 2. Bc4 Nf6 3. Nf3 Nc6 4. Ng5 d5 5. exd5 Na5 6. Bb5+ Bd7 7. Qe2 Bd6 8. Nc3 0-0 9. Nf3 Nxd5 10. Nxd5 c6 11. Nc3 cxb5 12. Nxb5 e4 13. Nfd4 Be5 14. Nb3 a6 15. Nc3 Bxc3 16. bxc3 Bb5 17. Qh5 Nc6 18. a4 Bc4 19. Qc5 Be6 20. 0-0 Qg5 1-0